Μετρήσεις γ φασματογραφίας στο περιβάλλον : πτυχιακή εργασία

Αποθηκεύτηκε σε:
Λεπτομέρειες βιβλιογραφικής εγγραφής
Κύριος συγγραφέας: Πεταλάς, Αναστάσιος Β.
Συγγραφή απο Οργανισμό/Αρχή: Πανεπιστήμιο Αιγαίου. Σχολή Περιβάλλοντος. Τμήμα Περιβάλλοντος
Άλλοι συγγραφείς: Χαλβαδάκης, Κωνσταντίνος Π. (Εισηγητής διατριβής)
Μορφή: Thesis Βιβλίο
Γλώσσα:Greek
Δημοσίευση: Μυτιλήνη : Πανεπιστήμιο Αιγαίου, Τμήμα Περιβάλλοντος, 2003
Θέματα:
Διαθέσιμο Online:http://hdl.handle.net/11610/10345
Ετικέτες: Προσθήκη ετικέτας
Δεν υπάρχουν, Καταχωρήστε ετικέτα πρώτοι!

MARC

LEADER 00000cam a2200000 i 4500
001 1/80685
008 050712s2003 gre d
035 |l 10079086 
040 |a GR-MY-UA  |b gre  |e aacr 
041 0 |a gre 
082 0 |a 551.5272  |2 (22) 
100 1 |a Πεταλάς, Αναστάσιος Β. 
245 1 0 |a Μετρήσεις γ φασματογραφίας στο περιβάλλον :  |b πτυχιακή εργασία /  |c Αναστάσιος Β. Πεταλάς ; Κ. Π. Χαλβαδάκης 
260 |a Μυτιλήνη :   |b Πανεπιστήμιο Αιγαίου, Τμήμα Περιβάλλοντος,   |c 2003 
300 |a 79 σ.;  |b εικ., χάρτες, πιν.;  |c 30 εκ. 
502 |a Πτυχιακή εργασία – Πανεπιστήμιο Αιγαίου, Λέσβος, 2003. 
504 |a Βιλιογραφία: σ.71 
650 0 0 |a Gamma ray spectrometry. 
650 0 0 |a Gamma rays  |x Measurement. 
650 0 0 |a Radiation, Background. 
650 0 0 |a Dissertations, Academic  |z Greece. 
700 1 |a Χαλβαδάκης, Κωνσταντίνος Π.  |4 ths 
710 2 |a Πανεπιστήμιο Αιγαίου.   |b Σχολή Περιβάλλοντος.   |b Τμήμα Περιβάλλοντος. 
852 |a INST  |b LESVOS  |c DIATR  |e 20050712  |h 841  |p 005100031685  |q 005100031685  |t DIE  |y 23 
852 |a INST  |b LESVOS  |c DIATR  |e 20050725  |h 842  |p 005100031684  |q 005100031684  |t DIE  |y 23 
856 |u http://hdl.handle.net/11610/10345 
901 |a BIBL1-2005-2 
909 |a Λ  |b 107979 
909 |a Λ  |b 107980 
924 |a ΠΕΤΑΛΑΣ  |b ΑΝΑΣΤΑΣΙΟΣ Β.  |y ΛΕΣΒΟΣ  |z 2004-01 
970 |a ΜΑΡΙΝΑΤΟΥ  |b ΜΥΡΣΙΝΗ  |z 2005/07/12